000 04362nam a2200397 4500
999 _c3543
_d3543
003 TZ-ArACH
008 140523s2014 ne b 101 0 eng c
010 _a 2014945343
015 _aGBB4A4551
_2bnb
016 7 _a016877614
_2Uk
020 _a9789966021175
040 _aERASA
_beng
_cTZ-ArACH
041 _aEng
049 _aTZAA
050 4 _aKQC985
_b.I59
100 _aMerwe, HJ va der
110 _4Kemp, G
245 1 0 _aInternational Criminal Justice in Africa, 2016 /
_cHJ van der Merwe and Gerhard Kemp (editors).
260 _aNairobi
_bStrathmore University Press and Konrad Adenuer Stiftung
_c2017
300 _axiii, 303 pages ;
_c24 cm.
500 _a"This book is based on the conference 'Africa and the International Criminal Court' which the South African-German Centre for Transnational Criminal Justice hosted on 22 and 23 November 2013 in Cape Town"--Page 1.
504 _aIncludes bibliographical references and index.
505 0 0 _tAfrica and the International Criminal Court /
_rGerhard Werle, Lovell Fernandez and Moritz Vormbaum --
_gPart I.
_tProsecutions by the International Criminal Court in Africa --
_tAfrica and the International Criminal Court : then and now /
_rSanji Mmasenono Monageng --
_tAfrica and the International Criminal Court : a judge's perspective /
_rEkaterina Trendafilova --
_tInternational criminal justice in Africa : specific procedural aspects of the first trial judgment of the International Criminal Court /
_rRené Blattmann --
_tAfrica and the International Criminal Court : a prosecutor's perspective /
_rShamila Batohi --
_gPart II.
_tAfrican prosecutions of international crimes --
_tThe implementation of the Rome Statute in Africa /
_rGerhard Kemp --
_tDomestic prosecution of international crimes : the case of Rwanda /
_rSam Rugege and Aimé M. Karimunda --
_tThe extraordinary African chambers : the case of Hissène Habré /
_rMbacké Fall --
_tThe Nigerian 'Jos Crisis' from the perspective of international criminal law /
_rTemitayo Lucia Akinmuwagun and Moritz Vormbaum --
_t"On behalf of Africa" : towards the regionalization of universal jurisdiction? /
_rFlorian Jessberger --
_gPart III.
_tThe African Union and the International Criminal Court --
_tBetween political justice and judicial politics : charting a way forward for the African Union and the International Criminal Court /
_rTim Murithi --
_tAfrica, the United Nations Security Council and the International Criminal Court : the question of deferrals /
_rJuliet Okoth --
_tA strained relationship : reflections on the African Union's stand towards the International Criminal Court from the Kenyan experience /
_rSosteness Francis Materu --
_gAnnex 1.
_tAfrica and the International Criminal Court : recommendations --
_gAnnex 2.
_tAfrican Union decisions regarding the enforcement of international criminal law in Africa --
_gAnnex 3.
_tUnited Nations Security Council Decisions regarding the enforcement of international criminal law in Africa.
520 _a"This book sheds light on the present frictions between the AU [African Union], the ICC [International Criminal Court] and the UN [United Nations] Security Council. Eminent experts in the field of international criminal justice, including judges and prosecutors of the ICC and other African judicial bodies, as well as international criminal law scholars, analyze and debate the achievements and shortcomings of interventions by the ICC in Africa. They propose ways in which international courts and domestic courts within and outside of Africa can cooperate and address fundamental issues of international criminal law, such as the implementation of the Rome Statute, deferrals of cases before the International Criminal Court and the prosecution of crimes by third states on the basis of universal jurisdiction"--Back cover.
650 0 _aInternational criminal law
_zAfrica
_918346
_xApplication
650 0 _aInternational criminal justice
_zAfrica
_918347
650 0 _aCriminal justice, Administration of
_zAfrica
_918348
650 7 _aInternational criminal courts.
_2fast
_918350
650 7 _aInternational criminal law.
_918351
650 7 _aInternational Criminal Court
_zAfrican Union
651 7 _aAfrica.
_918352
653 _aDonation
655 7 _aConference papers and proceedings.
_2fast
_918353
700 1 _aVormbaum, Moritz,
_eeditor.
_918356
942 _2lcc
_cBOOK